| 000 | 00552nam a2200145 4500 | ||
|---|---|---|---|
| 999 |
_c14653 _d14653 |
||
| 008 | 191021b ||||| |||| 00| 0 eng d | ||
| 022 | _a03080587 | ||
| 082 | _aDPer 420.5 M72 Apr-Oct 2011 v. 20, n. 2-4 | ||
| 100 |
_940483 _aChan, Clarice S. C. |
||
| 245 |
_aTelephone English vs. telephoning in English/ _cClarice S. C. Chan. |
||
| 260 |
_aChichester, West Sussex: _bPavilion Publishing, _c©2011. |
||
| 300 |
_av20 n3, pages 49-53: _bcolor illustrations; _c30 cm. |
||
| 650 |
_aLanguage and languages _xTelephone conversation. _940646 |
||
| 942 |
_2ddc _cPER |
||